Single Service organizations: A comparitive study of twelve abortion clinics in ohio (Record no. 1450350)

MARC details
000 -LEADER
fixed length control field 00555nam a2200169Ia 4500
005 - DATE AND TIME OF LATEST TRANSACTION
control field 20250923145343.0
008 - FIXED-LENGTH DATA ELEMENTS--GENERAL INFORMATION
fixed length control field 008 250917s9999 xx 000 0 eng d
037 ## - SOURCE OF ACQUISITION
Stock number Textual
040 ## - CATALOGING SOURCE
Original cataloging agency DSWL
Language of cataloging eng
Transcribing agency DSWL
041 ## - LANGUAGE CODE
Language code of text/sound track or separate title eng
Source of code eng
084 ## - COLON CLASSIFICATION NUMBER
Assigning agency DSWL
100 ## - MAIN ENTRY--PERSONAL NAME
Personal name Jain, Anant Kumar
9 (RLIN) 834394
245 #0 - TITLE STATEMENT
Title Single Service organizations: A comparitive study of twelve abortion clinics in ohio
Statement of responsibility, etc. by Anant Kumar Jain
260 ## - PUBLICATION, DISTRIBUTION, ETC.
Name of publisher, distributor, etc. Ohio School of Applied Social Sciencescase Western Reserve Western
Date of publication, distribution, etc. 1977
942 ## - ADDED ENTRY ELEMENTS (KOHA)
Koha item type Textual
Holdings
Withdrawn status Lost status Damaged status Not for loan Home library Current library Date acquired Source of acquisition Total Checkouts Barcode Date last seen Price effective from Koha item type
        Department of Social Work Library Department of Social Work Library 2025-09-23 Through Dr. A.K. Jain   SW0017716 2025-09-23 2025-09-23 Textual
Copyright @ Delhi University Library System